| 000 | 00694nam a2200217 i 4500 | ||
|---|---|---|---|
| 001 | 18073 | ||
| 003 | ES-MaACL | ||
| 005 | 20250831014813.0 | ||
| 007 | t| | ||
| 008 | 010917s1945 ag ||||1| spa d | ||
| 080 | _a973 | ||
| 100 | 1 |
_aAdams, James Truslow. _918392 |
|
| 245 | 1 | 0 |
_aHistoria de los Estados Unidos / _cJames Truslow Adams. |
| 260 |
_aBuenos Aires : _bPoseidon, _c[1945] |
||
| 300 |
_a2 v. : _bil. ; _c23 cm. |
||
| 500 | _aBiblioteca Juan Andrade. | ||
| 505 | 8 | _aContiene: 1. Surgimiento de la Unión -- 2. De la guerra civil a potencia mundial | |
| 651 | 4 |
_aEstados Unidos- _xHistoria _98540 |
|
| 852 |
_aES-MaACL _jAND-84-5 _bR.109410 |
||
| 999 |
_c18073 _d18073 |
||